MCR Guess the Lyrics #1 - Statistics

General Stats
  • This quiz has been taken 14 times
  • The average score is 91 of 197
Answer Stats
Hint Answer % Correct
. i
100%
. you
89%
. and
78%
. go
78%
. the
78%
. it
67%
. to
67%
. all
56%
. home
56%
. ill
56%
. i'll
56%
. me
56%
. my
56%
. what
56%
. against
44%
. back
44%
. brains
44%
. day
44%
. fly
44%
. let
44%
. lets
44%
. like
44%
. middle
44%
. of
44%
. that
44%
. well
44%
. we'll
44%
. as
33%
. begin
33%
. blow
33%
. blue
33%
. can't
33%
. ceiling
33%
. dust
33%
. fall
33%
. feelin
33%
. fragments
33%
. ha
33%
. happy
33%
. help
33%
. her
33%
. i'm
33%
. just
33%
. know
33%
. make
33%
. oh
33%
. on
33%
. ones
33%
. pixie
33%
. red
33%
. said
33%
. starts
33%
. think
33%
. yeah
33%
. your
33%
. come
22%
. in
22%
. now
22%
. skull
22%
. thoughts
22%
. tongue
22%
. ah
11%
. feeling
11%
. honestly
11%
. that's
11%
. these
11%
. woo
11%
No matching quizzes found
Score Distribution
Percent of People with Each Score
Percentile by Number Answered
Your Score History
You have not taken this quiz